Ιστορία της νήσου Καρπάθου (Δωδεκανήσου) από αρχαιοτάτων χρόνων μέχρι σήμερον

Αποθηκεύτηκε σε:
Λεπτομέρειες βιβλιογραφικής εγγραφής
Κύριος συγγραφέας: Μιχαηλίδης-Νουάρος, Μιχαήλ Γ., 1877-1954
Μορφή: Βιβλίο
Γλώσσα:Greek
Δημοσίευση: Όθος Καρπάθου : Μορφωτικός Εξωραϊστικός Σύλλογος Εργασία Χαρά, 1998
Θέματα:
Ετικέτες: Προσθήκη ετικέτας
Δεν υπάρχουν, Καταχωρήστε ετικέτα πρώτοι!

MARC

LEADER 00000cam a2200000 i 4500
001 1/18977
008 010327s1998 gr | ||| |||| ||gre||
020 |a 960863430X (set) 
020 |a 9608634318 (τ.1) 
035 |l 10066685 
040 |a GR-MY-UA  |b gre  |e aacr 
041 0 |a gre 
082 0 |a 938.977 
100 1 |a Μιχαηλίδης-Νουάρος, Μιχαήλ Γ.,   |d 1877-1954. 
245 1 0 |a Ιστορία της νήσου Καρπάθου (Δωδεκανήσου) από αρχαιοτάτων χρόνων μέχρι σήμερον /  |c Μ.Γ. Μιχαηλίδου-Νουάρου 
260 |a Όθος Καρπάθου :   |b Μορφωτικός Εξωραϊστικός Σύλλογος Εργασία Χαρά,   |c 1998 
300 |a 446 σ. 
505 0 |a τ.1: Χρονικόν της νήσου Καρπάθου από του ελληνοϊταλικού πολέμου μέχρι της ενσωματώσεως αυτής εις την Ελλάδα (1948) 
651 0 |a Karpathos Island (Greece)  |x History. 
852 |a INST  |b RHODES  |e 20010327  |h 938.977 ΜΙΧ  |p 005400017181  |q 005400017181  |t BK  |y 0  |z τ.1 
852 |a INST  |b RHODES  |e 20010327  |h 938.977 ΜΙΧ  |p 005400017181  |q 005400017181  |t BK  |v τ.1:  |y 0  |z τ.1 
853 |a INST  |b RHODES  |h 938.977 ΜΙΧ 
901 |a BIBL4-2001-1 
909 |a Ρ  |b 084858 
922 |a 4ΔΩΡ  |b 200103  |c ΔΩΡΕΑ 
970 |a ΚΟΥΛΑΚΙΟΤΗ  |b ΛΙΤΣΑ  |z 2001/03/27